• 首页
  • 本馆介绍
  • 公告通知
  • 最新文献
  • 馆藏检索
  • 电子资源
  • 读者导购
  • 参考咨询
  • 我的图书馆
  • 登录
  • 详细信息显示
  • 放入我的书架
  • 预约/预借图书
  • 作者相关作品
  • 分类相关作品
  • 丛书相关作品
  • 出版社相关作品

书目信息

  • 表格格式
  • 工作单格式
  • 卡片格式
题名:
基于大数据时代背景下农产品冷链物流一体化模式研究
    
 
作者: 冷凯君 著
分册:  
出版信息: 北京   九州出版社  2020.8
页数: 280页
开本: 24cm
丛书名:
单 册:
中图分类: F252.8
科图分类:
主题词: 农产品--nong chan pin--冷冻食品--物流管理--研究
电子资源:
ISBN: 978-7-5108-9242-4
000 01190nam0 2200229 450
001 2133107849
005 20211025190356.0
010    @a978-7-5108-9242-4@dCNY64.00
100    @a20200707d2020 em y0chiy0110 ea
101 0  @achi
102    @aCN@b110000
105    @ay z 000yy
106    @ar
200 1  @a基于大数据时代背景下农产品冷链物流一体化模式研究@Aji yu da shu ju shi dai bei jing xia nong chan pin leng lian wu liu yi ti hua mo shi yan jiu@f冷凯君著
210    @a北京@c九州出版社@d2020.8
215    @a280页@d24cm
330    @a本书属于农产品冷链方面的著作,有大数据理论、冷链物流及一体化的概述、大数据时代下农产品冷链物流的现状、大数据时代下农产品冷链物流存在的问题、大数据时代下农产品冷链物流一体化建设的策略、农产品冷链配送管理体系研究等部分组成,全书以大数据对农产品冷链物流为研究对象,分析大数据对农产品冷链物流产生的影响,阐述农产品冷链物流运输的现状及存在的问题提出大数据背景下农产品冷链一体化发展的建议,对农产品冷链物流企业运营与管理方面的研究者和从业人员有学习和参考价值。
606 0  @a农产品@Anong chan pin@x冷冻食品@x物流管理@x研究
690    @aF252.8@v5
701  0 @a冷凯君@Aleng kai jun@4著
801  0 @aCN@b百万庄@c20211025
905    @b1312201-03@dF252.8@e338@f3
    
    基于大数据时代背景下农产品冷链物流一体化模式研究/冷凯君著.-北京:九州出版社,2020.8
    280页;24cm
    
    
    ISBN 978-7-5108-9242-4:CNY64.00
    本书属于农产品冷链方面的著作,有大数据理论、冷链物流及一体化的概述、大数据时代下农产品冷链物流的现状、大数据时代下农产品冷链物流存在的问题、大数据时代下农产品冷链物流一体化建设的策略、农产品冷链配送管理体系研究等部分组成,全书以大数据对农产品冷链物流为研究对象,分析大数据对农产品冷链物流产生的影响,阐述农产品冷链物流运输的现状及存在的问题提出大数据背景下农产品冷链一体化发展的建议,对农产品冷链物流企业运营与管理方面的研究者和从业人员有学习和参考价值。
●
相关链接 在E读中查询图书 在五车中查询图书 在当当中查询图书 在豆瓣中查询图书


正题名:基于大数据时代背景下农产品冷链物流一体化模式研究     索取号:F252.8/338         预约/预借

序号 登录号 条形码 馆藏地/架位号 状态 备注
1 1312201   213122011   第一样本阅览室/ [索取号:F252.8/338] 在馆    
2 1312202   213122020   第一借阅区/ [索取号:F252.8/338] 在馆    
3 1312203   213122039   第一借阅区/ [索取号:F252.8/338] 在馆    
唐山师范学院图书馆 欢迎您!
大连网信软件有限公司© 版权所有